000 00435nam a2200181Ia 4500
005 20250603144803.0
008 250603s9999 xx 000 0 und d
020 _a81-7381-371-X
050 _aTG 405 .R35/
100 _aK.S. Rakshit
245 0 _aDesign and Construction of Highway Bridges
260 _aKolkata
260 _bNew Central Book Agency
260 _c1992
300 _a448 p
650 _aKolkata
942 _cBK
999 _c39950
_d39950